000 00304nam a22001337a 4500
020 _a0-340-24643-X
082 _a621.381 SLA'E
100 _aSLADDIN, MEL
_965681
245 _aELEMENTARY ELECTRONICS
260 _aLONDON
_bHODDER
_c1983
300 _a172P
650 _aELECTRONICS
_924428
942 _cBK
999 _c573824
_d573824